Four Letter Geography - D - Statistics

General Stats
  • This quiz has been taken 125 times
  • The average score is 8 of 10
Answer Stats
Hint Answer % Correct
The Hunchback of Notre ____ Dame
98%
Capital of Qatar Doha
93%
Sand formation in deserts Dune
93%
Capital of Wales: Car___ Diff
91%
10 cents in the United States Dime
90%
Vietnamese currency Dong
70%
Capital of East Timor Dili
64%
Israeli defense: The Iron ____ Dome
58%
Wooden platform by rivers Dock
51%
Japanese training building Dojo
46%
No matching quizzes found
Score Distribution
Percent of People with Each Score
Percentile by Number Answered
Your Score History
You have not taken this quiz